Statistics for Top 10 U.S. States with the Highest Elevation

Click here to take the quiz!

General Stats

  • This quiz has been taken 54,536 times
  • The average score is 8 of 10

Answer Stats

FeetStateMeters% Correct
14,440Colorado4,401
91%
14,505California4,421
88%
14,417Washington4,394
84%
12,807Montana3,903
83%
20,310Alaska6,191
81%
13,534Utah4,125
79%
13,809Wyoming4,209
75%
13,147Nevada4,007
72%
13,167New Mexico4,013
62%
13,803Hawaii4,207
51%

Score Distribution

Percentile by Number Answered

Percent of People with Each Score

Your Score History

You have not taken this quiz